000 00647nam a2200229Ia 4500
003 OSt
005 20221007073031.0
006 a|||||r|||| 00| 0
007 ta
008 221006b |||||||| |||| 00| 0 eng d
024 _a12,288
037 _cTextual
040 _aFLL
_cFLL
_beng
041 _2eng
_aeng
082 _aV2:26:N5, J4
100 _aTinker Hugh Au.
_9690083
245 0 _aFoundations of local self government in india, pakistan and burma
260 _aLondon
_bUniversity of london London
_c1954
300 _a376p
_ccm.
942 _hV2:26:N5, J4
_cTEXL
_2CC
999 _c1147538
_d1147538